01295cam a2200313 i 450000100090000000300040000900500170001300800410003001000170007102000180008804000280010604200080013405000260014208200170016810000300018524500900021525000220030526400510032730000400037833600210041833700250043933800230046465000260048794200400051395201370055395201370069095201370082799900170096417673338OSt20250610122707.0130326s2014 nyu 000 0 eng  a 2013010851 a9789390185863 aDLCbengcDLCerdadDLC apcc00aHF5681.B2bW4963 201400a657.3bSUB/F1 aSubramanyam, K. R.91056610aFinancial statement analysis /cK. R. Subramanyam, University of Southern California. aEleventh edition. 1aNew York, NY :bMcGraw Hill Education,c[2014] a1 volume (various pagings) ;c27 cm atext2rdacontent aunmediated2rdamedia avolume2rdacarrier 0aFinancial statements. 2ddccBKh657.3iSUB/Fk657.3mSUB/F 00102ddc40708ACCOUNTINGaMESbMEScACCOUNTINGd2025-06-10l0o657.3 SUB/Fp45941r2025-06-10 12:26:17t1w2025-06-10yBKzGL56R2 00102ddc40708ACCOUNTINGaMESbMEScACCOUNTINGd2025-06-10l0o657.3 SUB/Fp45942r2025-06-10 12:26:17t2w2025-06-10yBKzGL56R2 00102ddc40708ACCOUNTINGaMESbMEScACCOUNTINGd2025-06-10l0o657.3 SUB/Fp46038r2025-06-10 12:26:17t3w2025-06-10yBKzGL56R2 c44538d44538